| 000 | 01419cam a2200373 i 4500 | ||
|---|---|---|---|
| 999 |
_c200429793 _d47719 |
||
| 001 | 200429793 | ||
| 003 | TR-AnTOB | ||
| 005 | 20240515145853.0 | ||
| 007 | ta | ||
| 008 | 071126s2004 tu a b 010 0 tur d | ||
| 010 | _a2006307396 | ||
| 020 | _a9751617367 | ||
| 020 | _a9789751617262 (paperback) | ||
| 040 |
_aMiU _beng _erda _cEYM _dDLC _dBGZ _dTR-AnTOB |
||
| 041 | 0 |
_atur _aaze _aeng _ager |
|
| 050 | 0 | 0 |
_aPL115 _b.Z49 2004 |
| 090 |
_aPL115 _b.Z49 2004 |
||
| 245 | 0 | 0 |
_aZeynep Korkmaz armağanı / _cAtatürk Kültür, Dil ve Tarih Yüksek Kurumu. |
| 264 | 1 |
_aAnkara : _bTürk Dil Kurumu, _c2004. |
|
| 300 |
_ax, 496 pages, [25] leaves of plates : _billustration (cheifly coller) ; _c24 cm. |
||
| 336 |
_atext _2rdacontent _btxt |
||
| 337 |
_aunmediated _2rdamedia _bn |
||
| 338 |
_avolume _2rdacarrier _bnc |
||
| 490 | 0 |
_aAtatürk Kültür, Dil ve Tarih Yüksek KurumuTürk Dil Kurumu Yayınları ; _v853 |
|
| 504 | _aIncludes bibliographical references. | ||
| 546 | _aContributions mainly in Turkish; 1 in romanized Azerbaijani, 1 in English, 1 in German. | ||
| 590 | _aDonated by Tuba Işınsu İsen Durmuş | ||
| 600 | 1 | 0 |
_aKorkmaz, Zeynep _97320 |
| 650 | 7 |
_aTürk filolojisi _2etuturkob _981955 |
|
| 650 | 7 |
_aTürkologlar _zTürkiye _2etuturkob _9102258 |
|
| 710 | 2 |
_aAtatürk Kültür, Dil, ve Tarih Yüksek Kurumu (Turkey) _98548 |
|
| 942 |
_2lcc _cBK |
||